000 00243nam a2200109Ia 4500
008 190216s9999||||xx |||||||||||||| ||und||
100 _aLiv Shits
245 0 _aRadio Mapanangal
260 _bBhasha Institute
650 _aPhysics
942 _cBK
999 _c39369
_d39369